EU Biggest Cities-Sudden Death - Statistics

General Stats
  • This quiz has been taken 123 times
  • The average score is 6 of 20
Answers on the Grid
Answers color-coded by a green-red scale on the quiz's grid according to % correct below.
Berlin
Madrid
Rome
Paris
Vienna
Warsaw
Hamburg
Bucharest
Barcelona
Budapest
Munich
Prague
Milan
Sofia
Cologne
Stockholm
Amsterdam
Naples
Marseille
Turin
Valcenia
Kraków
Zagreb
Frankfurt
Seville
Zaragoza
Helsinki
Wrocław
Rotterdam
Copenhagen
Łódź
Düsseldorf
Palermo
Gothenburg
Vilnius
Riga
Leipzig
Dublin
Lisbon
Antwerp
Bremen
Genoa
Dresden
Poznań
Lyon
Bratislava
Gdańsk
Tallinn
 
Answer Stats
Answer % Correct
Paris
74%
Madrid
61%
Berlin
55%
Barcelona
52%
Rome
42%
Warsaw
39%
Hamburg
32%
Milan
32%
Munich
29%
Amsterdam
26%
Budapest
26%
Stockholm
23%
Vienna
23%
Cologne
19%
Naples
13%
Prague
13%
Bucharest
10%
Marseille
6%
Turin
6%
Sofia
0%
No matching quizzes found
Score Distribution
Percent of People with Each Score
Percentile by Number Answered
Your Score History
You have not taken this quiz